|
|
|
|
| LEADER |
02248nam a22004338i 4500 |
| 001 |
39577 |
| 003 |
BD-DhAAL |
| 008 |
220907t2022 enk b 001 0 eng d |
| 999 |
|
|
|c 44222
|d 44222
|
| 010 |
|
|
|a 2021059012
|
| 020 |
|
|
|a 9781800412590
|
| 020 |
|
|
|a 9781800412606
|
| 020 |
|
|
|z 9781800412613
|
| 020 |
|
|
|z 9781800412620
|
| 040 |
|
|
|a DLC
|b eng
|e rda
|c DLC
|d DLC
|d BD-DhAAL
|
| 042 |
|
|
|a pcc
|
| 050 |
0 |
0 |
|a P53.45
|b .I566 2022
|
| 082 |
0 |
0 |
|a 418.0071
|2 23
|
| 245 |
0 |
0 |
|a Intercultural learning in language education and beyond :
|b evolving concepts, perspectives and practices /
|c edited by Troy McConachy, Irina Golubeva and Manuela Wagner.
|
| 263 |
|
|
|a 1111
|
| 264 |
|
1 |
|a Bristol ;
|a Jackson :
|b Multilingual Matters,
|c c2022.
|
| 300 |
|
|
|a xxxiii, 357 pages ;
|c 23 cm.
|
| 490 |
0 |
|
|a Languages for intercultural communication and education ;
|v 38
|
| 504 |
|
|
|a Includes bibliographical references and index.
|
| 520 |
|
|
|a "This book provides a contemporary and critical examination of the theoretical and pedagogical impact of Michael Byram's pioneering work on intercultural communicative competence and intercultural citizenship. The book offers comprehensive, up-to-date and accessible knowledge for researchers, teachers, teacher-trainers and students"--
|
| 526 |
|
|
|a ENH
|
| 541 |
|
|
|a Development Book Agency
|e 39577
|
| 600 |
1 |
0 |
|a Byram, Michael.
|9 51324
|
| 650 |
|
0 |
|a Language and languages
|x Study and teaching.
|9 51325
|
| 650 |
|
0 |
|a Intercultural communication
|x Study and teaching.
|9 51326
|
| 650 |
|
0 |
|a Multicultural education.
|9 51327
|
| 700 |
1 |
|
|a McConachy, Troy,
|d 1980-
|e editor.
|9 51328
|
| 700 |
1 |
|
|a Golubeva, Irina,
|e editor.
|9 51329
|
| 700 |
1 |
|
|a Wagner, Manuela
|c (Educator),
|e editor.
|9 51330
|
| 776 |
0 |
8 |
|i Online version:
|t Intercultural learning in language education and beyond
|d Bristol ; Jackson : Multilingual Matters, [2022]
|z 9781800412613
|w (DLC) 2021059013
|
| 830 |
|
|
|a Languages for intercultural communication and education ; 38
|9 51331
|
| 852 |
|
|
|a Ayesha Abed Library
|c General Stacks
|
| 942 |
|
|
|2 ddc
|c BK
|
| 952 |
|
|
|0 0
|1 0
|2 ddc
|4 0
|6 418_007100000000000_INT
|7 0
|9 71781
|a BRACUL
|b BRACUL
|c GEN
|d 2022-09-05
|e Development Book Agency
|g 7820.00
|l 1
|m 7
|o 418.0071 INT
|p 3010039577
|r 2023-12-17
|s 2023-10-08
|t 1
|v 7820.00
|w 2022-09-05
|y BK
|